Preťažené obvody? Keď manažérom klesá výkonnosť

Povolanie manažéra. ADT (Attention Deficit Trait), syndróm straty koncentrácie. Centrá a funkcie ľudského mozgu.Pozitívne emócie. Cvičenia pre mozog.

Saved in:
Bibliographic Details
Format: Book Chapter
Language:Slovak
Subjects:
Tags: Add Tag
No Tags, Be the first to tag this record!

MARC

LEADER 00000naa$a2200000$$$4500
001 0032793
005 20231013093517.9
041 0 |a slo 
044 |a SK 
245 1 0 |a Preťažené obvody? Keď manažérom klesá výkonnosť 
520 |a Povolanie manažéra. ADT (Attention Deficit Trait), syndróm straty koncentrácie. Centrá a funkcie ľudského mozgu.Pozitívne emócie. Cvičenia pre mozog. 
610 2 0 |a manažéri 
610 2 0 |a výkonnosť 
610 2 0 |a koncentrácia 
610 2 0 |a psychológia 
610 2 0 |a zaťaženie pracovné 
610 2 0 |a organizácia práce